Capital cities of canadian provinces - Statistics

General Stats
  • This quiz has been taken 321 times
  • The average score is 8 of 14
Answer Stats
Hint Answer % Correct
Ontario Toronto
78%
Alberta Edmonton
76%
British Columbia Victoria
74%
Manitoba Winnipeg
68%
Quebec Quebec City
67%
Federal Capital of Canada Ottawa
66%
Northwest Territories Yellowknife
65%
Nova Scotia Halifax
60%
Saskatchewan Regina
53%
Newfoundland and Labrador St. John's
53%
Yukon Whitehorse
50%
Nunavut Iqaluit
44%
New Brunswick Fredericton
41%
Prince Edward Island Charlottetown
38%
No matching quizzes found
Score Distribution
Percent of People with Each Score
Percentile by Number Answered
Your Score History
You have not taken this quiz